| 000 | 00447nam a22001697a 4500 | ||
|---|---|---|---|
| 005 | 20220312125146.0 | ||
| 008 | 220312b ||||| |||| 00| 0 eng d | ||
| 040 |
_aIN-DiNC _cIN-DiNC |
||
| 041 | _deng | ||
| 082 | _a336.24 | ||
| 100 |
_aTodi Ankit _eauthor |
||
| 245 |
_aAssam goods and services tax act and rules _cby Ankit Todi |
||
| 250 | _a1st ed. | ||
| 260 |
_aGuwahati _bAshok publishing house _c2017 |
||
| 300 | _a769p. | ||
| 942 |
_2ddc _cBK |
||
| 999 |
_c11273 _d11273 |
||